000
00488nam a22001217a 4500
040
_c
SY
082
_a
577
100
_a
UNEP
245
_a
ការស្ដារឡើងវិញនូវការបំផ្លិចបំផ្លាញបរិស្ថាននៅក្នុងសមុទ្រចិនភាគខាងត្បូង និងឈូងសមុទ្រថៃ
260
_a
នាយកដ្ឋានជលផល
_b
UNEP
_c
2005
300
_a
51p.
942
_c
KB
999
_c
9315
_d
9315